[Event "Region Championship"]
[Site "Velikie Luki"]
[Date "2012.01.08"]
[Round "8.4"]
[White "Zgiharev, Valeriy"]
[Black "Malyshev, Grigogy"]
[Result "1-0"]
[WhiteElo "2005"]
[BlackElo "2165"]
[PlyCount "109"]
[EventDate "2012.??.??"]

1. e4 c6 2. d3 d5 3. Nd2 e5 4. Ngf3 Bd6 5. d4 exd4 6. exd5 cxd5 7. Nb3 Ne7 8.
Nbxd4 Nbc6 9. h3 O-O 10. Be2 Bd7 11. O-O Rc8 12. c3 Nxd4 13. Qxd4 Bc5 14. Qh4
Qb6 15. Bd3 Nf5 16. Qg4 g6 17. Bxf5 Bxf5 18. Qh4 f6 19. b4 Bd6 20. Be3 Qc7 21.
Rac1 Qf7 22. Qd4 b6 23. Bf4 Rc4 24. Bxd6 Rxd4 25. Nxd4 Re8 26. Nxf5 gxf5 27.
Rfd1 Re2 28. a3 Qe6 29. Bf4 Re4 30. Be3 f4 31. Bd4 Kf7 32. f3 Re2 33. Ra1 Qf5
34. Re1 Rd2 35. Kh1 Qg6 36. Rg1 Qg3 37. a4 Re2 38. a5 Re6 39. axb6 axb6 40. Ra6
Kg6 41. Ra8 Kf7 42. Ra7+ Kg6 43. Rb7 Qg5 44. Rxb6 Rxb6 45. Bxb6 Qe5 46. Bd4 Qe2
47. Ra1 Qb5 48. Kh2 h5 49. Ra5 Qf1 50. Rxd5 Qe1 51. Rc5 Qg3+ 52. Kg1 Qe1+ 53.
Kh2 Qg3+ 54. Kh1 Qe1+ 55. Bg1 1-0

[Event "Region Championship"]
[Site "Velikie Luki"]
[Date "2012.01.08"]
[Round "7.2"]
[White "Polevoi, Vladimir"]
[Black "Zgiharev, Valeriy"]
[Result "0-1"]
[WhiteElo "2145"]
[BlackElo "2165"]
[PlyCount "130"]
[EventDate "2012.??.??"]

1. e4 e6 2. d4 d5 3. Nc3 Bb4 4. exd5 exd5 5. Bd3 Ne7 6. Bd2 Nbc6 7. a3 Ba5 8.
Nce2 Bxd2+ 9. Qxd2 Bf5 10. Nf3 Qd7 11. O-O O-O 12. Rfe1 Rfe8 13. Ng3 Bxd3 14.
Qxd3 Ng6 15. Qf5 Qxf5 16. Nxf5 Nf4 17. Kf1 f6 18. g3 Ne6 19. c4 Rad8 20. cxd5
Rxd5 21. Ne3 Rdd8 22. d5 Ncd4 23. Nxd4 Nxd4 24. Rac1 Rd7 25. Rc4 Nb5 26. Rec1
Ree7 27. Nf5 Re5 28. Rc5 Rxf5 29. Rxb5 b6 30. d6 Rxb5 31. dxc7 Rxc7 32. Rxc7 a5
33. Rc2 g5 34. Ke2 Rb3 35. h3 h5 36. Kf1 Kf7 37. Re2 f5 38. Kg2 Kf6 39. f4 gxf4
40. gxf4 h4 41. Kh2 b5 42. Kg2 Rg3+ 43. Kh2 Rf3 44. Rc2 Rxf4 45. Kg2 Rc4 46.
Re2 Rd4 47. Rc2 Rd3 48. Rc6+ Kg5 49. Rc2 Rg3+ 50. Kh2 Re3 51. Kg2 Kf4 52. Rf2+
Ke4 53. Rd2 f4 54. Rc2 f3+ 55. Kf1 Re2 56. Rc8 Rxb2 57. Rh8 Ke3 58. Re8+ Kf4
59. Rg8 b4 60. axb4 axb4 61. Rg7 b3 62. Ke1 Rg2 63. Rb7 b2 64. Kf1 Rc2 65. Kg1
Kg3 0-1

[Event "Region Championship"]
[Site "Velikie Luki"]
[Date "2012.01.08"]
[Round "7.3"]
[White "Malyshev, Grigogy"]
[Black "Rusov, Valery"]
[Result "1-0"]
[WhiteElo "2005"]
[BlackElo "2223"]
[PlyCount "75"]
[EventDate "2012.??.??"]

1. d4 d5 2. c4 dxc4 3. Nf3 Nf6 4. e3 e6 5. Bxc4 c5 6. O-O a6 7. a4 Nc6 8. Qe2
cxd4 9. Rd1 Be7 10. exd4 Nd5 11. Nc3 O-O 12. Bb3 Ncb4 13. Ne5 Bd7 14. Qg4 Bc6
15. Bh6 Bf6 16. Ne4 Kh8 17. Bg5 Qe7 18. Ra3 Rac8 19. Bxd5 Bxd5 20. Rh3 Bxg5 21.
Nxg5 Kg8 22. Rxh7 Qxg5 23. Qxg5 Kxh7 24. h4 f6 25. Qh5+ Kg8 26. Ng6 Rfe8 27.
Qg4 Kf7 28. Nf4 Be4 29. Nh5 Bg6 30. Nxg7 Rg8 31. Qxe6+ Kxg7 32. Qe7+ Kh6 33.
Qxb4 Be4 34. g3 f5 35. d5 Rg7 36. d6 Rc2 37. Qd4 Bc6 38. Qf6+ 1-0

[Event "Region Championship"]
[Site "Velikie Luki"]
[Date "2012.01.08"]
[Round "7.4"]
[White "Vlassow, Valentin"]
[Black "Mandrykina, Zoya"]
[Result "1-0"]
[WhiteElo "2341"]
[BlackElo "1746"]
[PlyCount "73"]
[EventDate "2012.??.??"]

1. b3 Nf6 2. Bb2 g6 3. Bxf6 exf6 4. c4 Bg7 5. Nc3 f5 6. g3 d6 7. Bg2 Nd7 8. Nh3
Nf6 9. Nf4 c6 10. e3 O-O 11. O-O Be6 12. Qc2 Rc8 13. d4 Qc7 14. Qd3 Nd7 15.
Rfd1 Rfd8 16. Rac1 Nf8 17. h4 Qa5 18. Rb1 h6 19. b4 Qa6 20. Bf1 g5 21. Nxe6
fxe6 22. hxg5 hxg5 23. e4 f4 24. gxf4 gxf4 25. Qf3 Qb6 26. c5 dxc5 27. bxc5 Qc7
28. e5 b6 29. Ne4 bxc5 30. Nxc5 Qf7 31. Bh3 Rb8 32. Rxb8 Rxb8 33. Kh2 Rc8 34.
Rg1 Rc7 35. Rg4 Ng6 36. Qe4 Ne7 37. Nxe6 1-0

[Event "Region Championship"]
[Site "Velikie Luki"]
[Date "2012.01.08"]
[Round "7.5"]
[White "Melkonyan, Leonard"]
[Black "Malyshev, Roman"]
[Result "0-1"]
[WhiteElo "2218"]
[BlackElo "2144"]
[PlyCount "70"]
[EventDate "2012.??.??"]

1. d4 d5 2. c4 c6 3. Nf3 Nf6 4. Qb3 g6 5. Bf4 dxc4 6. Qxc4 Be6 7. Qc1 Bg7 8.
Nc3 O-O 9. e4 Bg4 10. Be3 Nbd7 11. Be2 Bxf3 12. gxf3 e5 13. dxe5 Nxe5 14. O-O
Qd7 15. f4 Nd3 16. Qc2 Nb4 17. Qb3 Qe7 18. a3 Na6 19. Bxa6 bxa6 20. Qc4 Ng4 21.
Kg2 Nxe3+ 22. fxe3 Rab8 23. Rf2 Bxc3 24. bxc3 c5 25. Rd1 Rfd8 26. Rd5 Rxd5 27.
exd5 Rb1 28. e4 Qh4 29. Qd3 Qg4+ 30. Qg3 Qd1 31. Qf3 Qg1+ 32. Kh3 Rd1 33. c4 h5
34. e5 Rd3 35. Qxd3 Qg4# 0-1

[Event "Region Championship"]
[Site "Velikie Luki"]
[Date "2012.01.09"]
[Round "9.1"]
[White "Polevoi, Vladimir"]
[Black "Agafontseva, Sofia"]
[Result "0-1"]
[WhiteElo "2145"]
[BlackElo "1497"]
[PlyCount "156"]
[EventDate "2012.??.??"]

1. c3 Nf6 2. d4 d5 3. Bf4 Nbd7 4. Nf3 c5 5. e3 e6 6. Nbd2 Be7 7. Bd3 O-O 8. O-O
b6 9. Rc1 Bb7 10. Ne5 a6 11. Re1 b5 12. Nf1 c4 13. Bb1 b4 14. g4 bxc3 15. bxc3
Ba3 16. g5 Ne4 17. Bxe4 Nxe5 18. Rb1 dxe4 19. dxe5 Qxd1 20. Rexd1 Bd5 21. Ng3
Rab8 22. Ne2 Rfc8 23. Kf1 Kf8 24. Ke1 Bc6 25. Kd2 Ba4 26. Rf1 Ke7 27. h4 g6 28.
Nd4 a5 29. Bg3 Bb2 30. f3 exf3 31. Bf2 Rb7 32. e4 Rcb8 33. Rbe1 Ba3 34. Ke3 Rb2
35. Ra1 R8b7 36. Be1 Rb1 37. Bd2 Rxf1 38. Rxf1 Rb2 39. Nxf3 Rxa2 40. Nd4 Bc5
41. Rb1 Bb3 42. Be1 a4 43. Kf3 Kd7 44. Bf2 Ba3 45. Nb5 Bb2 46. Bd4 a3 47. Ke3
Ba4 48. Nd6 Ra1 49. Rxa1 Bxa1 50. Nxc4 a2 51. Nb6+ Kc6 52. Nxa4 Bb2 53. Nxb2
a1=Q 54. Nd3 Qg1+ 55. Kd2 Qg4 56. Bf2 Qxe4 57. Be1 Kb5 58. Bf2 Kc4 59. Nb2+ Kb3
60. Nd3 Qc4 61. Nc5+ Kb2 62. Nd3+ Kb1 63. Bd4 Qa2+ 64. Ke3 Qh2 65. Ne1 Qxh4 66.
Nf3 Qh3 67. c4 Ka2 68. c5 Qf5 69. Nd2 Qxg5+ 70. Kd3 Qg3+ 71. Kc4 Qg2 72. Bc3
Qd5+ 73. Kb5 Qb7+ 74. Kc4 h5 75. Kd3 h4 76. Ne4 h3 77. Nd6 Qd5+ 78. Bd4 Qf3+
0-1

[Event "Region Championship"]
[Site "Velikie Luki"]
[Date "2012.01.09"]
[Round "9.5"]
[White "Malyshev, Roman"]
[Black "Mandrykina, Zoya"]
[Result "1-0"]
[WhiteElo "2144"]
[BlackElo "1746"]
[PlyCount "87"]
[EventDate "2012.??.??"]

1. c4 d5 2. d4 e6 3. Nc3 Nf6 4. Nf3 c6 5. e3 Nbd7 6. b3 Bd6 7. Bb2 O-O 8. Bd3
b6 9. O-O Bb7 10. e4 dxe4 11. Nxe4 Nxe4 12. Bxe4 Nf6 13. Bc2 c5 14. d5 exd5 15.
cxd5 Be7 16. Re1 Re8 17. Qe2 Bf8 18. Qd3 g6 19. Rxe8 Nxe8 20. Rd1 Bg7 21. Bxg7
Nxg7 22. Qc3 f6 23. h3 Qf8 24. Nh2 Rd8 25. Ng4 Ne8 26. Ne3 Nc7 27. Qc4 Qd6 28.
Qg4 Bc8 29. Qf3 b5 30. h4 Re8 31. h5 Kg7 32. a4 a6 33. axb5 axb5 34. Nf1 Re5
35. hxg6 hxg6 36. Qg3 f5 37. Ne3 Kf6 38. Qf4 Kg7 39. Qg3 Kf6 40. Qh2 Kg7 41.
Qf4 Ne8 42. Ra1 Nf6 43. Ra7+ Bd7 44. Qg3 1-0

[Event "Region Championship"]
[Site "Velikie Luki"]
[Date "2012.01.09"]
[Round "9.3"]
[White "Vlassow, Valentin"]
[Black "Zgiharev, Valeriy"]
[Result "1-0"]
[WhiteElo "2341"]
[BlackElo "2165"]
[PlyCount "79"]
[EventDate "2012.??.??"]

1. e4 c5 2. Nf3 e6 3. c3 d5 4. e5 Nc6 5. d4 Qb6 6. Bd3 Bd7 7. dxc5 Bxc5 8. O-O
f6 9. b4 Be7 10. Bf4 fxe5 11. Nxe5 Nxe5 12. Bxe5 Nf6 13. Qe2 O-O 14. Nd2 a5 15.
a3 axb4 16. axb4 Rac8 17. Nf3 Bd6 18. Bd4 Qc7 19. Rfe1 Ra8 20. Rxa8 Rxa8 21. h3
Re8 22. Ne5 Bc8 23. Bc2 Rf8 24. Qd3 Bxe5 25. Rxe5 Qf7 26. Rg5 Kh8 27. Qg3 Bd7
28. Qh4 Be8 29. b5 Qg8 30. b6 Qf7 31. Bxh7 Nxh7 32. Rxg7 Qxg7 33. Bxg7+ Kxg7
34. Qe7+ Kg8 35. Qxb7 Nf6 36. Qc8 Bb5 37. Qxe6+ Kg7 38. b7 Rb8 39. Qb6 Be8 40.
g4 1-0

[Event "Region Championship"]
[Site "Velikie Luki"]
[Date "2012.01.09"]
[Round "9.4"]
[White "Melkonyan, Leonard"]
[Black "Rusov, Valery"]
[Result "1-0"]
[WhiteElo "2218"]
[BlackElo "2223"]
[PlyCount "101"]
[EventDate "2012.??.??"]

1. d4 d5 2. c4 e6 3. Nf3 Nf6 4. g3 Be7 5. Bg2 O-O 6. O-O b6 7. Nc3 Bb7 8. cxd5
Nxd5 9. Re1 c5 10. e4 Nxc3 11. bxc3 cxd4 12. cxd4 Nc6 13. Bb2 Rc8 14. d5 exd5
15. exd5 Na5 16. Qe2 Bf6 17. Rad1 Bxb2 18. Qxb2 Nc4 19. Qa1 Nd6 20. Nd4 Qf6 21.
Nc6 Qxa1 22. Rxa1 Bxc6 23. dxc6 Rfe8 24. Rxe8+ Nxe8 25. Rd1 Kf8 26. Rd7 Nc7 27.
f4 a5 28. a4 Ne6 29. Rb7 Rc7 30. Rxb6 Nc5 31. Rb5 Nxa4 32. Rb7 Rc8 33. c7 Ke7
34. Bh3 Nb6 35. Rxb6 Rxc7 36. Ra6 Rc1+ 37. Bf1 Rc5 38. Kf2 g5 39. fxg5 Rxg5 40.
Bd3 h5 41. h4 Rc5 42. Ke3 Kf8 43. Kd4 Rc1 44. Rxa5 Rg1 45. Rg5 f6 46. Rg6 Kf7
47. Ke3 Ra1 48. Rh6 Ra5 49. Rh7+ Kg8 50. Rb7 Ra3 51. Rb5 1-0